[Event "World Corporate East A"]
[Site "Chess.com INT"]
[Date "2021.02.20"]
[Round "4.2"]
[White "Mitic, Milan"]
[Black "Mrowczyk, Michal"]
[Result "0-1"]
[WhiteElo "1993"]
[BlackElo "1825"]
[PlyCount "70"]
[EventDate "2021.02.19"]
[EventType "team (rapid)"]
[EventRounds "7"]
[EventCountry "USA"]
[SourceTitle "EXT 2022"]
[Source "ChessBase"]
[SourceDate "2021.10.06"]
[SourceVersion "1"]
[SourceVersionDate "2021.10.06"]
[SourceQuality "1"]
[WhiteTeam "Tigar Tyres"]
[BlackTeam "Sabre"]
[WhiteTeamCountry "SRB"]
[BlackTeamCountry "POL"]

1. e4 Nf6 2. Nc3 d5 3. exd5 Nxd5 4. Bc4 Nb6 5. Bb3 c5 6. d3 Nc6 7. Bg5 Qc7 8. Qf3 e6 9. Nge2 Nd4 10. Nxd4 cxd4 11. Ne4 Bb4+ 12. Kf1 Bd7 13. h4 f6 14. Qh5+ Kf8 15. Bxf6 gxf6 16. Qh6+ Ke8 17. Qg7 Rf8 18. Nxf6+ Kd8 19. Nxh7 Re8 20. Nf6 Rf8 21. Rh3 Bc6 22. Qxc7+ Kxc7 23. Ne4 Nd5 24. g3 Rf5 25. Ke2 Raf8 26. f4 e5 27. Ng5 Kd7 28. Rh2 exf4 29. g4 Re5+ 30. Kf2 f3 31. Rh3 Re2+ 32. Kf1 Ne3+ 33. Kg1 f2+ 34. Kh2 f1Q+ 35. Kg3 Qg2# 0-1

[Event "World Corporate East A"]
[Site "Chess.com INT"]
[Date "2021.02.20"]
[Round "5.1"]
[White "Mrowczyk, Michal"]
[Black "Lavrov, Maxim"]
[Result "0-1"]
[WhiteElo "1825"]
[BlackElo "2401"]
[PlyCount "68"]
[EventDate "2021.02.19"]
[EventType "team (rapid)"]
[EventRounds "7"]
[EventCountry "USA"]
[SourceTitle "EXT 2022"]
[Source "ChessBase"]
[SourceDate "2021.10.06"]
[SourceVersion "1"]
[SourceVersionDate "2021.10.06"]
[SourceQuality "1"]
[WhiteTeam "Sabre"]
[BlackTeam "SBER"]
[WhiteTeamCountry "POL"]
[BlackTeamCountry "RUS"]

1. c4 Nf6 2. Nc3 g6 3. e4 d6 4. d4 Bg7 5. Nf3 0-0 6. h3 e5 7. d5 a5 8. Be3 Na6 9. g4 c6 10. Qd2 Nc5 11. Bxc5 dxc5 12. 0-0-0 cxd5 13. cxd5 Ne8 14. d6 Be6 15. g5 a4 16. Bb5 a3 17. b3 Qb6 18. Bxe8 Rfxe8 19. Nd5 Bxd5 20. Qxd5 c4 21. d7 Red8 22. Rd2 cxb3 23. Qxb3 Qc7+ 24. Kb1 Rxd7 25. Rc1 Qd8 26. Rcd1 Rxd2 27. Rxd2 Qc8 28. Ne1 Qc6 29. f3 Bf8 30. Nc2 Ra6 31. Ka1 Rb6 32. Qd3 Rb2 33. h4 Qb6 34. Rd1 Rxa2+ 0-1

[Event "Krakow op-B 28th"]
[Site "Krakow"]
[Date "2017.12.28"]
[Round "2"]
[White "Mrowczyk, Michal"]
[Black "Turski, Bartlomiej"]
[Result "0-1"]
[WhiteElo "1689"]
[BlackElo "1878"]
[PlyCount "106"]
[EventDate "2017.12.27"]
[EventType "swiss"]
[EventRounds "9"]
[EventCountry "POL"]
[SourceTitle "CBM 182 Extra"]
[Source "ChessBase"]
[SourceDate "2018.02.23"]
[SourceVersion "1"]
[SourceVersionDate "2018.02.23"]
[SourceQuality "1"]

1. Nf3 Nf6 2. g3 g6 3. b3 Bg7 4. Bb2 0-0 5. Bg2 d5 6. 0-0 c5 7. e3 Nc6 8. d4 Ne4 9. Nbd2 Bg4 10. h3 Bf5 11. Nh4 cxd4 12. Nxf5 gxf5 13. exd4 Nxd4 14. Rb1 Qb6 15. Kh2 Rfd8 16. Nf3 Nxf3+ 17. Qxf3 Nd2 18. Qxf5 Nxf1+ 19. Bxf1 Bxb2 20. Rxb2 Qg6 21. Qf4 Rd6 22. Bd3 Qf6 23. Qxf6 Rxf6 24. f4 d4 25. Rb1 Rc8 26. Re1 Rc7 27. Re4 Rd6 28. Kg2 e6 29. Kf3 Rc5 30. a4 a6 31. g4 Kf8 32. Re2 h6 33. h4 f6 34. h5 Ke7 35. Re1 Kd7 36. Re2 e5 37. f5 Rb6 38. Re1 Kd6 39. Ke4 Rc7 40. Ra1 Rbc6 41. Ra2 Rg7 42. Kf3 Rc3 43. Ra1 Kd5 44. Re1 Re7 45. Re4 Rec7 46. Re2 Rxd3+ 47. cxd3 Rc3 48. Rd2 Rxb3 49. g5 fxg5 50. f6 Ke6 51. Ke4 Rb1 52. Re2 Rf1 53. a5 Rf4# 0-1